Statistics for BaseBall Records

Click here to take the quiz!

General Stats

  • This quiz has been taken 25 times
  • The average score is 10 of 15

Answer Stats

HintAnswer% Correct
HomeRunsBarry Bonds
100%
HomeRuns (no steroids)Hank Aaron
86%
No HittersNolan Ryan
86%
Strike OutsNolan Ryan
86%
HitsPete Rose
86%
Stolen BasesRicky Henderson
86%
SavesMariano Rivera
77%
Single Season HitsIchiro Suzuki
73%
Career Batting AverageTy Cobb
73%
Career WinsCy Young
68%
HeaviestWalter Young
64%
Oldest (Active)Albert Pujols
45%
ShortestEddie Gaedel
14%
TallestJon Erich Rauch
9%
SlowestBill James
0%

Score Distribution

Percentile by Number Answered

Percent of People with Each Score

Your Score History

You have not taken this quiz